000 00589nam a2200217 b 4500
003 OSt
005 20150325194048.0
008 010719s2001 sp | ||| ||spa
020 _a84-663-0335-9
040 _cBMC
082 _a813.5
082 _a253.2
100 1 _aBrady, Joan
_931560
245 1 0 _aHasta el cielo
_cJoan Brady ; [traducción, Rosa María Martínez Coll]
260 _aMadrid
_bSuma de Letras
_c2001
300 _a189 p.
_c18 cm
490 _aPunto de Lectura
_v52
650 2 4 _917595
_aNovela norteamericana
650 2 4 _910702
_aVida espiritual
942 _2ddc
_cBK
999 _c18480
_d18480